000
00335 a2200157 4500
001
13425
020
_a
9788506076675
040
_c
Anchieta - Aquarius
100
_a
Belinky, Tatiana
240
1
0
_a
#O patinho feio
_l
por
245
1
0
_a
#O patinho feio
300
_a
362
0
_a
2015
650
4
_a
Literatura infantil
942
_c
BK
999
_c
13425
_d
13425